000 01342cam a2200193 4500
001 WB3937-20
008 031002n2003 000 0 eng u
035 _a(Sirsi) u123828
245 4 _aThe Perfect Companion to SMM7
260 _c2003
490 _aRICS News Service
_v 1 October 2003 (1)
520 _aRICS Books will shortly be publishing βSMM7: Explained and Illustratedγ, the first and only companion to SMM7. Essential for all quantity surveyors, from the recently qualified to the experienced professional, this book will enable you to find your way around SMM7 as never before. This fully illustrated guide follows the structure of SMM7 and will help QSs and estimators understand and clarify its more obscure or contentious items. With over 600 illustrations, summary notes and explanations, you need never feel confused by SMM7 again. Priced at £29.99 it can be ordered from RICS Books t +44(0)870 333 1600 and choose option 3 or e [email protected] <mailto:[email protected]>. <http://www.rics.org/ricscms/bin/show?class=News&template=/includes/shownews.html&id=7150>
590 _aWB
650 _aSTANDARD METHOD OF MEASUREMENT (SEVENTH EDITION)
650 _aBUILT ENVIRONMENT-QUANTITY SURVEYING-STANDARD METHOD OF MEASUREMENT
650 _aESTIMATORS
690 _aQuantity surveying
_96263
942 _n0
999 _c73545
_d73545